[Event "FRA-ch Blitz Online Qual"]
[Site "Europe Echecs INT"]
[Date "2020.05.16"]
[Round "5"]
[White "Delabarre, Olivier"]
[Black "Droin, Augustin"]
[Result "0-1"]
[WhiteElo "1997"]
[BlackElo "2313"]
[PlyCount "52"]
[EventDate "2020.05.16"]
[EventType "swiss (blitz)"]
[EventRounds "15"]
[EventCountry "FRA"]
[SourceTitle "CBM 196 Extra"]
[Source "ChessBase"]
[SourceDate "2020.07.31"]
[SourceVersion "1"]
[SourceVersionDate "2020.07.31"]
[SourceQuality "1"]

1. d4 d5 2. c4 c6 3. cxd5 cxd5 4. Nc3 Nc6 5. e4 e6 6. e5 Bb4 7. Nge2 Nh6 8. a3 Be7 9. Ng3 Qb6 10. Be3 Bd7 11. b4 Rc8 12. Na4 Qd8 13. Nc5 b6 14. Nb3 Bg5 15. Bd3 Bxe3 16. fxe3 Qg5 17. Qe2 Ng4 18. Nf1 f6 19. exf6 Nxf6 20. Nbd2 0-0 21. Nf3 Qh6 22. h3 Ne4 23. g4 Rce8 24. Bxe4 dxe4 25. Ne5 Nxe5 26. dxe5 Qh4+ 0-1

[Event "FRA-ch Blitz Online Qual"]
[Site "Europe Echecs INT"]
[Date "2020.05.16"]
[Round "15"]
[White "Delabarre, Olivier"]
[Black "Vernadet, Jacques"]
[Result "0-1"]
[WhiteElo "1997"]
[BlackElo "1600"]
[PlyCount "86"]
[EventDate "2020.05.16"]
[EventType "swiss (blitz)"]
[EventRounds "15"]
[EventCountry "FRA"]
[SourceTitle "CBM 196 Extra"]
[Source "ChessBase"]
[SourceDate "2020.07.31"]
[SourceVersion "1"]
[SourceVersionDate "2020.07.31"]
[SourceQuality "1"]

1. d4 Nf6 2. c4 c6 3. Nc3 g6 4. e4 d6 5. f4 e6 6. Nf3 Bg7 7. Bd3 0-0 8. 0-0 c5 9. d5 exd5 10. cxd5 Bg4 11. h3 Bxf3 12. Qxf3 Nbd7 13. e5 dxe5 14. fxe5 Nxe5 15. Qd1 Nxd5 16. Be2 Nxc3 17. bxc3 Qxd1 18. Rxd1 Rad8 19. Rf1 Nc6 20. Rb1 b6 21. Bb5 Na5 22. Bg5 f6 23. Bf4 g5 24. Bc7 Rd2 25. Rfe1 f5 26. Re7 Bxc3 27. Rbe1 Bd4+ 28. Kh1 Bf6 29. Rd7 Rxd7 30. Bxd7 f4 31. Bg4 c4 32. Bd6 Rd8 33. Be6+ Kg7 34. Bc7 Re8 35. Rd1 Rxe6 36. Rd7+ Kg6 37. Bd8 Bxd8 38. Rxd8 c3 39. Rc8 Rc6 40. Rg8+ Kf7 41. Rd8 c2 42. Rd7+ Ke6 43. Rxa7 c1Q+ 0-1

[Event "Europe Echecs online op April"]
[Site "Europe Echecs INT"]
[Date "2020.04.11"]
[Round "6"]
[White "Delabarre, Olivier"]
[Black "Lakomsky, Didier"]
[Result "1-0"]
[WhiteElo "1980"]
[BlackElo "1586"]
[PlyCount "67"]
[EventDate "2020.04.11"]
[EventType "swiss (blitz)"]
[EventRounds "11"]
[EventCountry "FRA"]
[SourceTitle "EXT 2021"]
[Source "ChessBase"]
[SourceDate "2020.10.23"]
[SourceVersion "1"]
[SourceVersionDate "2020.10.23"]
[SourceQuality "1"]

1. d4 Nf6 2. c4 g6 3. Nc3 Bg7 4. e4 d6 5. f4 0-0 6. Nf3 c5 7. d5 e6 8. dxe6 fxe6 9. Bd3 Nc6 10. 0-0 a6 11. Bc2 Qe7 12. h3 Rb8 13. Be3 b5 14. e5 dxe5 15. fxe5 Nd7 16. cxb5 axb5 17. Ne4 Ncxe5 18. Nxe5 Rxf1+ 19. Qxf1 Bxe5 20. Ng5 Bb7 21. Re1 Bd5 22. b3 Bg7 23. Be4 Bxe4 24. Nxe4 Bd4 25. Kh1 e5 26. Bg5 Qg7 27. a4 bxa4 28. Qc4+ Qf7 29. Qxa4 Rxb3 30. Qxd7 Qxd7 31. Nf6+ Kf7 32. Nxd7 c4 33. Nxe5+ Bxe5 34. Rxe5 1-0

[Event "Europe Echecs online op April"]
[Site "Europe Echecs INT"]
[Date "2020.04.11"]
[Round "5"]
[White "Pacheco, Marco"]
[Black "Delabarre, Olivier"]
[Result "1-0"]
[WhiteElo "2353"]
[BlackElo "1917"]
[PlyCount "109"]
[EventDate "2020.04.11"]
[EventType "swiss (blitz)"]
[EventRounds "11"]
[EventCountry "FRA"]
[SourceTitle "EXT 2021"]
[Source "ChessBase"]
[SourceDate "2020.10.23"]
[SourceVersion "1"]
[SourceVersionDate "2020.10.23"]
[SourceQuality "1"]

1. d4 Nf6 2. Nf3 g6 3. Bg5 Bg7 4. Nbd2 0-0 5. e4 d6 6. c3 Nbd7 7. Bd3 c5 8. 0-0 b6 9. Qe2 Bb7 10. Rfe1 Rc8 11. Rad1 Qc7 12. d5 h6 13. Bh4 g5 14. Bg3 Ne8 15. a4 c4 16. Bxc4 Nc5 17. Ra1 a6 18. Nd4 Nf6 19. Bd3 Nxd3 20. Qxd3 Nd7 21. Nf5 Nc5 22. Qe3 f6 23. b4 Nd7 24. c4 Ne5 25. Rec1 Kh7 26. f3 h5 27. Bf2 g4 28. f4 Ng6 29. g3 Qd7 30. Qxb6 h4 31. Qe3 hxg3 32. hxg3 Kg8 33. Nb3 Kf7 34. Nbd4 Rh8 35. c5 Rh3 36. c6 Rch8 37. Kf1 Qc7 38. Ke2 Bc8 39. Ne6 Bxe6 40. dxe6+ Kg8 41. b5 Rh2 42. b6 Qc8 43. Nxe7+ Nxe7 44. Rab1 Nxc6 45. Qc3 f5 46. Qxc6 Qxe6 47. b7 Rxf2+ 48. Kxf2 Bd4+ 49. Ke2 Rh2+ 50. Kd3 fxe4+ 51. Qxe4 Rd2+ 52. Kxd2 Qxe4 53. b8Q+ Kh7 54. Qb7+ Qxb7 55. Rxb7+ 1-0

[Event "Jacques Jaudran mem-A corr"]
[Site "France AJEC"]
[Date "2004.01.15"]
[Round "?"]
[White "Delabarre, Olivier"]
[Black "Cochet, Franck"]
[Result "1-0"]
[WhiteElo "2000"]
[BlackElo "2129"]
[PlyCount "47"]
[EventDate "2004.??.??"]
[EventType "tourn (corr)"]
[EventRounds "14"]
[EventCountry "FRA"]
[SourceTitle "Corr 2011"]
[Source "ChessBase"]
[SourceDate "2010.08.31"]
[SourceVersion "1"]
[SourceVersionDate "2010.08.31"]
[SourceQuality "1"]

1. d4 d5 2. c4 e6 3. Nf3 c6 4. g3 Nf6 5. Bg2 Nbd7 6. 0-0 Be7 7. Nc3 0-0 8. b3 Qa5 9. Qc2 dxc4 10. bxc4 e5 11. d5 Qa6 12. Nd2 Nc5 13. Bb2 Bd7 14. Rfd1 cxd5 15. Nxd5 Nxd5 16. Bxd5 Ba4 17. Nb3 Qf6 18. Qc3 Bd6 19. Rd2 Rfe8 20. Ba3 Nxb3 21. axb3 Bxa3 22. Rxa3 Bc6 23. Ra5 h6 24. Bxc6 1-0

[Event "Jacques Jaudran mem-A corr"]
[Site "France AJEC"]
[Date "2004.01.15"]
[Round "?"]
[White "Delabarre, Olivier"]
[Black "Muneret, Maurice"]
[Result "1/2-1/2"]
[WhiteElo "2000"]
[BlackElo "2389"]
[PlyCount "68"]
[EventDate "2004.??.??"]
[EventType "tourn (corr)"]
[EventRounds "14"]
[EventCountry "FRA"]
[SourceTitle "Corr 2011"]
[Source "ChessBase"]
[SourceDate "2010.08.31"]
[SourceVersion "1"]
[SourceVersionDate "2010.08.31"]
[SourceQuality "1"]

1. e4 c5 2. Nf3 Nc6 3. d4 cxd4 4. Nxd4 Nf6 5. Nc3 e5 6. Ndb5 d6 7. Bg5 a6 8. Na3 b5 9. Nd5 Be7 10. Bxf6 Bxf6 11. c3 0-0 12. Nc2 Bg5 13. a4 bxa4 14. Rxa4 a5 15. Bc4 Rb8 16. b3 Kh8 17. 0-0 f5 18. exf5 Bxf5 19. Nce3 Bg6 20. Bd3 Bxd3 21. Qxd3 Bxe3 22. fxe3 Rxf1+ 23. Qxf1 Rxb3 24. Rc4 Rb5 25. e4 Rc5 26. Rxc5 dxc5 27. Qb5 Nb8 28. Qxc5 Nd7 29. Qc4 Qf8 30. Qa4 Nc5 31. Qxa5 Nxe4 32. Qa7 Qc8 33. Qe7 Qa8 34. Ne3 Nxc3 1/2-1/2

[Event "Jacques Jaudran mem sf4 corr"]
[Site "France AJEC"]
[Date "2002.06.15"]
[Round "?"]
[White "Delabarre, Olivier"]
[Black "Adeline, Bruno"]
[Result "1-0"]
[WhiteElo "2100"]
[BlackElo "2132"]
[PlyCount "68"]
[EventDate "2002.06.15"]
[EventType "tourn (corr)"]
[EventRounds "10"]
[EventCountry "FRA"]
[SourceTitle "Corr 2011"]
[Source "ChessBase"]
[SourceDate "2010.08.31"]
[SourceVersion "1"]
[SourceVersionDate "2010.08.31"]
[SourceQuality "1"]

1. d4 Nf6 2. c4 e6 3. g3 d5 4. Bg2 dxc4 5. Nf3 Nc6 6. 0-0 a6 7. e3 Bd7 8. Nc3 Rb8 9. Ne5 Na5 10. e4 Be7 11. g4 0-0 12. Nxd7 Nxd7 13. Qe2 Nc6 14. Be3 b5 15. f4 Nb4 16. Rad1 Nd3 17. e5 c5 18. d5 b4 19. Na4 exd5 20. Bxd5 N7xe5 21. Be4 Qd7 22. fxe5 Qxa4 23. b3 Qa5 24. bxc4 Nxe5 25. Bf4 Bf6 26. g5 Bxg5 27. Bxe5 Rbd8 28. Rd6 Rxd6 29. Bxd6 Rd8 30. Bd5 Qa3 31. Bxc5 Kh8 32. Qe5 h6 33. Rxf7 Qc1+ 34. Rf1 Qc2 1-0

[Event "Jacques Jaudran mem prel4 corr"]
[Site "France AJEC"]
[Date "2000.??.??"]
[Round "?"]
[White "Delabarre, Olivier"]
[Black "Delorme, Dominique"]
[Result "1-0"]
[WhiteElo "1869"]
[BlackElo "1874"]
[PlyCount "37"]
[EventDate "2000.11.15"]
[EventType "swiss (corr)"]
[EventRounds "8"]
[EventCountry "FRA"]
[SourceTitle "Corr 2004"]
[Source "ChessBase"]
[SourceDate "2003.04.28"]
[SourceVersion "3"]
[SourceVersionDate "2003.04.28"]
[SourceQuality "1"]

1. d4 Nf6 2. c4 g6 3. Nc3 Bg7 4. e4 d6 5. Nf3 0-0 6. Be2 e5 7. d5 Nbd7 8. h4 Nc5 9. Nd2 a5 10. h5 h6 11. hxg6 fxg6 12. Qc2 c6 13. Nf1 Ng4 14. Bxg4 Bxg4 15. f3 Bd7 16. Bxh6 Bxh6 17. Rxh6 Qg5 18. Rh1 Kg7 19. Rd1 1-0